000
00252nam a2200109Ia 4500
008
210107s9999 xx 000 0 und d
100
_a
ISO
245
0
_a
Quality Management Systems - Requirements
260
_a
Geneva
_b
ISO
300
_a
23
942
_c
BK
999
_c
10743
_d
10743